Ipari válságövezetek Magyarországon.
Topografia súčasného rozdelenia a štruktúry priemyslu v Maďarsku podľa regiónov. Stupeň, príčiny a dopady rozpadu priemyslu, bankrotu niektorých podnikov. V minulosti budovaný priemysel na báze "plánovanej nevyváženosti" vo vzťahu k pracovným silám, surovinám, energii a odbytu. Dopad likvidácie niek...
Salvato in:
| Autore principale: | |
|---|---|
| Altri autori: | |
| Natura: | Capitolo di libro |
| Lingua: | ungherese |
| Soggetti: | |
| Tags: |
Nessun Tag, puoi essere il primo ad aggiungerne!!
|
MARC
| LEADER | 00000naa a2200000 4500 | ||
|---|---|---|---|
| 001 | r006591 | ||
| 005 | 20221125113653.0 | ||
| 041 | 0 | |a hun | |
| 044 | |a HU | ||
| 245 | 1 | 0 | |a Ipari válságövezetek Magyarországon. |c J. Papp, J. Tóth |
| 520 | |a Topografia súčasného rozdelenia a štruktúry priemyslu v Maďarsku podľa regiónov. Stupeň, príčiny a dopady rozpadu priemyslu, bankrotu niektorých podnikov. V minulosti budovaný priemysel na báze "plánovanej nevyváženosti" vo vzťahu k pracovným silám, surovinám, energii a odbytu. Dopad likvidácie niektorých podnikov a privatizačného procesu na obyvateľstvo toho-ktorého regiónu v Maďarsku. Prehľad podľa odvetví a regiónov. | ||
| 610 | 2 | 0 | |a priemysel |
| 610 | 2 | 0 | |a MR |
| 610 | 2 | 0 | |a kríza |
| 610 | 2 | 0 | |a ekonomika priestorová |
| 610 | 2 | 0 | |a likvidácia podniku |
| 610 | 2 | 0 | |a privatizácia |
| 610 | 2 | 0 | |a regióny |
| 610 | 2 | 0 | |a zmeny štruktúrne |
| 100 | 1 | |a Papp, J. | |
| 700 | 1 | |a Tóth, J. | |